| 000 | 004760000a22001690004500 | ||
|---|---|---|---|
| 003 | MACL | ||
| 005 | 20160212171918.0 | ||
| 008 | 160212b xxu||||| |||| 00| 0 eng d | ||
| 040 |
_aMACL _cMACL |
||
| 041 | _aHindi | ||
| 082 | _a320 | ||
| 245 | _aनवीन भारत का स्वरूप | ||
| 260 |
_bप्रकाशन विभाग _c1961 _aफरीदाबाद |
||
| 350 | _a7.50 | ||
| 650 |
_aPolitical Science _938066 |
||
| 942 |
_cHIN _k320 _2ddc |
||
| 999 |
_c25681 _d25681 |
||